Highest Grossing Movies of 2010 - Statistics

General Stats
  • This quiz has been taken 43 times
  • The average score is 6 of 62
Answer Stats
Rank Gross Movie Company % Correct
1 $1,067,000,000 Toy Story 3 Disney – Pixar
68%
3 $960,300,000 Harry Potter and the Deathly Hallows – Part 1 Warner Bros. Pictures
53%
7 $623,900,000 Iron Man 2 Paramount – Marvel Studios
53%
5 $752,600,000 Shrek Forever After Paramount Pictures – DreamWorks
47%
4 $825,500,000 Inception Warner Bros. Pictures
42%
2 $1,025,500,000 Alice in Wonderland Walt Disney Pictures
37%
9 $543,100,000 Despicable Me Universal Pictures – Illumination
26%
8 $591,800,000 Tangled Walt Disney Pictures
26%
6 $698,500,000 The Twilight Saga: Eclipse Summit Entertainment
26%
10 $495,800,000 How to Train Your Dragon Paramount Pictures – DreamWorks
21%
23 $294,800,000 Shutter Island Paramount Pictures
21%
41 $177,200,000 The A-Team 20th Century Fox
21%
13 $414,200,000 The King's Speech The Weinstein Company
21%
61 $105,200,000 Hereafter Warner Bros. Pictures
16%
30 $252,300,000 True Grit Paramount Pictures
16%
11 $493,200,000 Clash of the Titans Warner Bros. Pictures
11%
52 $136,100,000 Saw: The Final Chapter Lionsgate
11%
56 $115,600,000 A Nightmare on Elm Street Warner Bros. – New Line Cinema
5%
17 $329,400,000 Black Swan Fox Searchlight Pictures
5%
28 $271,400,000 Grown Ups Columbia Pictures
5%
31 $237,400,000 Gulliver's Travels 20th Century Fox
5%
42 $171,700,000 Jackass 3 Paramount Pictures
5%
60 $105,700,000 Life as We Know It Warner Bros. Pictures
5%
18 $321,900,000 Megamind Paramount Pictures – DreamWorks
5%
40 $177,500,000 Paranormal Activity 2 Paramount Pictures
5%
55 $127,200,000 Predators 20th Century Fox
5%
16 $336,400,000 Prince of Persia: The Sands of Time Walt Disney Pictures
5%
39 $199,000,000 Red Summit Entertainment – DC Comics
5%
22 $300,200,000 Resident Evil: Afterlife Screen Gems
5%
19 $321,700,000 Robin Hood Universal Pictures
5%
25 $293,500,000 Salt Columbia Pictures
5%
24 $294,600,000 Sex and the City 2 Warner Bros. – New Line Cinema
5%
12 $415,700,000 The Chronicles of Narnia: The Voyage of the Dawn Treader Fox 2000 Pictures
5%
27 $274,500,000 The Expendables Lionsgate
5%
15 $359,000,000 The Karate Kid Columbia Pictures
5%
33 $224,900,000 The Social Network Columbia Pictures
5%
26 $278,300,000 The Tourist Columbia Pictures
5%
50 $139,800,000 The Wolfman Universal Pictures
5%
14 $400,000,000 Tron Legacy Walt Disney Pictures
5%
38 $201,600,000 Yogi Bear Warner Bros. Pictures
5%
58 $112,500,000 Cats & Dogs: The Revenge of Kitty Galore Warner Bros. Pictures
0%
48 $152,300,000 Date Night 20th Century Fox
0%
57 $114,900,000 Dear John Screen Gems
0%
36 $211,800,000 Due Date Warner Bros. Pictures
0%
37 $204,600,000 Eat Pray Love Columbia Pictures
0%
29 $261,900,000 Knight and Day 20th Century Fox
0%
49 $140,100,000 Legend of the Guardians: The Owls of Ga'Hoole Warner Bros. Pictures
0%
21 $310,700,000 Little Fockers Universal – Paramount Pictures
0%
62 $103,000,000 Love & Other Drugs 20th Century Fox
0%
32 $227,000,000 Percy Jackson & the Olympians: The Lightning Thief Fox 2000 Pictures
0%
45 $159,300,000 Step Up 3 Touchstone – Summit Entertainment
0%
46 $157,100,000 The Book of Eli Warner Bros. Pictures
0%
51 $136,300,000 The Bounty Hunter Columbia Pictures
0%
54 $129,200,000 The Fighter Paramount Pictures
0%
20 $319,700,000 The Last Airbender Paramount Pictures – Nickelodeon
0%
43 $170,400,000 The Other Guys Columbia Pictures
0%
35 $215,300,000 The Sorcerer's Apprentice Walt Disney Pictures
0%
47 $154,000,000 The Town Warner Bros. Pictures
0%
59 $112,500,000 Tooth Fairy 20th Century Fox
0%
44 $167,800,000 Unstoppable 20th Century Fox
0%
34 $216,500,000 Valentine's Day Warner Bros. – New Line Cinema
0%
53 $134,700,000 Wall Street: Money Never Sleeps 20th Century Fox
0%
No matching quizzes found
Score Distribution
Percent of People with Each Score
Percentile by Number Answered
Your Score History
You have not taken this quiz